| 000 | 00512nam a2200181Ia 4500 | ||
|---|---|---|---|
| 008 | 240925s9999 xx 000 0 und d | ||
| 020 | _a130104701 | ||
| 082 | _a005.1 SCH | ||
| 100 | _aSchulmeyer ,G. Gordon | ||
| 245 | 0 | _aHand Book of Software Quality Assurance | |
| 250 | _a3rd | ||
| 260 |
_aNew Jersey: _bPrintice- Hall Int. _c,1999. |
||
| 300 |
_ax,705p. _bNA _fOriginal |
||
| 500 | _aIncludes Index | ||
| 600 | _aComputer Science | ||
| 650 | _aComputer science, information & general works | ||
| 942 | _cBK | ||
| 999 |
_c7124 _d7124 |
||